000
00204 a2200109 4500
020
_a
8477645582
041
_a
spa
100
_a
Maria Pascual
245
_a
Cuentos Infantiles
942
_c
BK
952
_7
1
999
_c
24899
_d
24899